00643nam a2200229Ia 4500008004100000020002200041050001800063050001700081100003800098245002200136245003300158245003600191260001200227260002200239260000900261300003500270300001100305500002000316650003000336650002300366650002400389180628s9999 xx 000 0 und d a978-621-420-070-2 aCUL TX 814.2  b.C63N49 2017 aNewport, Marian Regina Tolentino. 0aCoconut kitchen : 0bappetizers and main dishes / 0cMaria Regina Tolentino Newport. aPasig : bAnvil Publishing, c2017 a141 pages, 8 pages of plates : c23 cm. aIncludes index. aCookbooks -- Philippines. aCooking (Coconut). xCooking, Filipino.